[Event "Outaouais-ch Reserves"]
[Site "Gatineau CAN"]
[Date "2019.04.09"]
[Round "3"]
[White "Berthiaume, Serge"]
[Black "Gribble, Nicolas"]
[Result "1-0"]
[WhiteElo "1433"]
[BlackElo "1226"]
[PlyCount "25"]
[EventDate "2019.03.20"]
[EventType "swiss"]
[EventRounds "8"]
[EventCountry "CAN"]

1. d4 d5 2. Bf4 Nc6 3. e3 Bf5 4. c3 e6 5. Nf3 Nf6 6. Qb3 b6 7. Bb5 Rb8 8. Bxc6+
Nd7 9. Ne5 Bd6 10. Bxd7+ Qxd7 11. Nxd7 Kxd7 12. Bxd6 cxd6 13. Qa4+ 1-0

[Event "Outaouais-ch Reserves"]
[Site "Gatineau CAN"]
[Date "2019.04.09"]
[Round "3"]
[White "Bourbonnais, Luc"]
[Black "Jobin, Gilles G"]
[Result "0-1"]
[WhiteElo "1422"]
[BlackElo "1755"]
[PlyCount "88"]
[EventDate "2019.03.20"]
[EventType "swiss"]
[EventRounds "8"]
[EventCountry "CAN"]

1. e4 d6 2. d4 Nf6 3. Nc3 c6 4. Nf3 Bg4 5. Bf4 Qa5 6. Bd2 e5 7. Nd5 Qd8 8.
Nxf6+ Qxf6 9. dxe5 dxe5 10. Be2 h6 11. Nd4 Bxe2 12. Nxe2 Bc5 13. O-O Nd7 14. b4
Bb6 15. c4 Rd8 16. Kh1 O-O 17. Qc1 Qg6 18. Ng3 Rfe8 19. Nf5 Nf6 20. f3 Kh7 21.
c5 Bc7 22. g4 Ng8 23. a4 Qe6 24. Qc3 g6 25. Ne3 Rd7 26. Rad1 Red8 27. Bc1 Rxd1
28. Rxd1 Rxd1+ 29. Nxd1 Qd7 30. Ne3 f6 31. b5 cxb5 32. Nd5 bxa4 33. Qe1 Bd8 34.
Qd2 Qb5 35. Kg1 Qxc5+ 36. Ne3 Qxe3+ 37. Qxe3 Bb6 38. Qxb6 axb6 39. Kf2 Ne7 40.
Ke3 Nc6 41. Bb2 b5 42. Kd3 Kg7 43. Kc2 b4 44. h4 b5 0-1

[Event "Outaouais-ch Reserves"]
[Site "Gatineau CAN"]
[Date "2019.04.09"]
[Round "3"]
[White "Dupont-Mageau, Nicolas"]
[Black "Danilov, Alex"]
[Result "1-0"]
[WhiteElo "1558"]
[BlackElo "1628"]
[PlyCount "63"]
[EventDate "2019.03.20"]
[EventType "swiss"]
[EventRounds "8"]
[EventCountry "CAN"]

1. e4 c5 2. Nc3 e6 3. Bc4 Nc6 4. f4 d6 5. Nf3 Nf6 6. d3 Be7 7. O-O O-O 8. Qe1
d5 9. Bb3 c4 10. dxc4 dxc4 11. Bxc4 Nd4 12. Bd3 Ng4 13. Qg3 Nxf3+ 14. Qxf3 Bc5+
15. Kh1 Qh4 16. h3 f5 17. exf5 Nf2+ 18. Kh2 Rf6 19. Ne4 Nxe4 20. Qxe4 Bf2 21.
Qf3 Bb6 22. fxe6 Rxe6 23. Bc4 Kh8 24. Bxe6 Bxe6 25. Bd2 Rd8 26. Bc3 Bc4 27.
Rfd1 Re8 28. Re1 Rf8 29. Qg3 Qh6 30. Re7 Rg8 31. Rae1 Bb5 32. R1e6 1-0

[Event "Outaouais-ch Reserves"]
[Site "Gatineau CAN"]
[Date "2019.04.09"]
[Round "3"]
[White "Ethier, Valori"]
[Black "Villeneuve, Denis"]
[Result "1-0"]
[WhiteElo "1419"]
[BlackElo "1483"]
[PlyCount "73"]
[EventDate "2019.03.20"]
[EventType "swiss"]
[EventRounds "8"]
[EventCountry "CAN"]

1. f4 d5 2. b3 c5 3. e3 Nc6 4. Nf3 Nf6 5. Bb2 e6 6. Bb5 Bd7 7. O-O Be7 8. d3
O-O 9. Bxc6 Bxc6 10. Ne5 Qc7 11. Nd2 Rad8 12. Ndf3 Nd7 13. Nxd7 Bxd7 14. Qe1 f5
15. Qg3 Bf6 16. Bxf6 Rxf6 17. Ne5 Be8 18. Qe1 b5 19. Rf3 c4 20. d4 Rh6 21. bxc4
bxc4 22. c3 Rb8 23. Rb1 Rb6 24. Rf2 Rf6 25. Rfb2 Rf8 26. Qf2 Bf7 27. Rxb6 axb6
28. Qh4 Rb8 29. Nxf7 Qxf7 30. Rxb6 Ra8 31. Qf2 h6 32. Qb2 Qe8 33. a3 Kh7 34.
Qb4 Kg6 35. Qd6 Kf6 36. Qe5+ Kg6 37. Rxe6+ 1-0

[Event "Outaouais-ch Reserves"]
[Site "Gatineau CAN"]
[Date "2019.04.09"]
[Round "3"]
[White "Fang, Zhou"]
[Black "Masse-Garneau, Anthony"]
[Result "0-1"]
[WhiteElo "1408"]
[BlackElo "1612"]
[PlyCount "84"]
[EventDate "2019.03.20"]
[EventType "swiss"]
[EventRounds "8"]
[EventCountry "CAN"]

1. e4 g6 2. d4 Bg7 3. Nf3 d6 4. Bb5+ Bd7 5. Bxd7+ Nxd7 6. c3 h6 7. Be3 e6 8.
O-O Ne7 9. Nbd2 g5 10. h3 Ng6 11. Re1 Nf6 12. Qc2 g4 13. e5 gxf3 14. exf6 Bxf6
15. Nxf3 d5 16. Qd3 Qd7 17. Qd2 Bg7 18. Bf4 Nxf4 19. Qxf4 O-O-O 20. Ne5 Bxe5
21. Rxe5 Rdg8 22. Qf6 Rh7 23. Rae1 Rg6 24. Qf4 Qd8 25. Rh5 Qf6 26. Qxf6 Rxf6
27. Re3 Rg6 28. f4 Rf6 29. Rf3 Kd7 30. Kf2 Rh8 31. f5 Rxf5 32. Rfxf5 exf5 33.
Rxf5 Ke6 34. g4 f6 35. Kf3 c6 36. b4 b5 37. a3 Kf7 38. h4 Kg6 39. Kf4 Re8 40.
g5 Re4+ 41. Kg3 Kxf5 42. gxh6 Kg6 0-1

[Event "Outaouais-ch Reserves"]
[Site "Gatineau CAN"]
[Date "2019.04.09"]
[Round "3"]
[White "Lecorre, Joel"]
[Black "Latreille, Etienne"]
[Result "0-1"]
[WhiteElo "1559"]
[BlackElo "1674"]
[PlyCount "88"]
[EventDate "2019.03.20"]
[EventType "swiss"]
[EventRounds "8"]
[EventCountry "CAN"]

1. e4 e6 2. d3 d5 3. Nd2 Nf6 4. g3 b6 5. Bg2 Bb7 6. e5 Nfd7 7. f4 Nc6 8. c3 Qe7
9. Ne2 O-O-O 10. d4 f6 11. O-O h5 12. b4 Qf7 13. a4 a5 14. bxa5 Nxa5 15. Rb1 h4
16. g4 Ba6 17. Rf2 Qg6 18. Bf3 fxe5 19. fxe5 h3 20. Nf4 Qe8 21. Be2 Bxe2 22.
Qxe2 Nb8 23. Rf3 Rh4 24. Rg3 Qd7 25. Qd3 g5 26. Nh5 Qf7 27. Nf3 Rxh5 28. gxh5
Qxh5 29. Rxg5 Qe8 30. Rg3 Qxa4 31. Ng5 Re8 32. Rxh3 Nc4 33. Rh8 Nxe5 34. dxe5
Bc5+ 35. Kh1 Rxh8 36. Nxe6 Qc6 37. Nxc5 Qxc5 38. Be3 Qc6 39. Qd4 Qe6 40. Rb2 c5
41. Qd2 Qxe5 42. Bf4 Qe4+ 43. Kg1 Rg8+ 44. Kf1 Qh1+ 0-1

[Event "Outaouais-ch Reserves"]
[Site "Gatineau CAN"]
[Date "2019.04.09"]
[Round "3"]
[White "Lemieux, Richard"]
[Black "Labelle, Raymond"]
[Result "0-1"]
[WhiteElo "1647"]
[BlackElo "1377"]
[PlyCount "54"]
[EventDate "2019.03.20"]
[EventType "swiss"]
[EventRounds "8"]
[EventCountry "CAN"]

1. e4 e6 2. Nc3 d5 3. Nge2 dxe4 4. Ng3 e3 5. fxe3 Nf6 6. Bc4 c5 7. O-O Nc6 8.
a4 Ne5 9. Bb5+ Bd7 10. d4 Ng6 11. Nge4 Nxe4 12. Nxe4 Bxb5 13. axb5 cxd4 14.
exd4 Be7 15. Be3 O-O 16. c4 f5 17. Nc3 b6 18. Qe2 Qc7 19. Rae1 Bd6 20. h3 Rae8
21. b3 e5 22. d5 e4 23. Qh5 f4 24. Bd4 f3 25. Rxe4 Bh2+ 26. Kh1 fxg2+ 27. Kxg2
Qg3+ 0-1

[Event "Outaouais-ch Reserves"]
[Site "Gatineau CAN"]
[Date "2019.04.09"]
[Round "3"]
[White "Rioux, Jocelyn"]
[Black "Scantland, Patrick"]
[Result "0-1"]
[WhiteElo "1712"]
[BlackElo "1803"]
[PlyCount "82"]
[EventDate "2019.03.20"]
[EventType "swiss"]
[EventRounds "8"]
[EventCountry "CAN"]

1. e4 c5 2. Nf3 d6 3. d4 cxd4 4. Nxd4 Nf6 5. Nc3 a6 6. Be3 e5 7. Nb3 Be6 8. Be2
Nbd7 9. O-O Nb6 10. Nd2 d5 11. exd5 Nbxd5 12. Nxd5 Nxd5 13. Nc4 Qc7 14. Bd2 Be7
15. Re1 O-O 16. Ne3 Nf4 17. Bf3 Rfd8 18. Qc1 Rac8 19. Bc3 f6 20. Rd1 e4 21.
Rxd8+ Rxd8 22. Bd1 Bd6 23. Kh1 Nd5 24. Nxd5 Bxd5 25. Qe3 Bf4 26. Qe1 Bxh2 27.
g3 Bxg3 28. fxg3 e3+ 29. Kg1 Re8 30. Be2 Bc6 31. Bd4 b5 32. Rd1 Qc8 33. Qf1 Qe6
34. b3 Qe4 35. Kh2 Qxc2 36. Rc1 Qe4 37. Rxc6 Qxc6 38. Bf3 Qc2+ 39. Qe2 Qd2 40.
Kh3 Qxd4 41. Bb7 Qd7+ 0-1

[Event "Outaouais-ch Reserves"]
[Site "Gatineau CAN"]
[Date "2019.04.09"]
[Round "3"]
[White "Seguin, Hubert"]
[Black "Zhao, Richie"]
[Result "1-0"]
[WhiteElo "1561"]
[BlackElo "1272"]
[PlyCount "51"]
[EventDate "2019.03.20"]
[EventType "swiss"]
[EventRounds "8"]
[EventCountry "CAN"]

1. e4 e5 2. Nf3 Nc6 3. Bb5 a6 4. Ba4 b5 5. Bb3 Nd4 6. Nxd4 exd4 7. Qf3 d5 8.
Bxd5 f6 9. Bxa8 Bc5 10. d3 Bb4+ 11. c3 dxc3 12. bxc3 Ba5 13. O-O Nh6 14. Bxh6
gxh6 15. Qh5+ Ke7 16. Bd5 Be6 17. Bxe6 Kxe6 18. Qf5+ Ke7 19. d4 Qg8 20. Na3
Bxc3 21. Rac1 Ba5 22. Rc6 Qf7 23. Rfc1 Qxa2 24. Rxc7+ Bxc7 25. Rxc7+ Kd6 26.
Qd7# 1-0

[Event "Outaouais-ch Reserves"]
[Site "Gatineau CAN"]
[Date "2019.04.16"]
[Round "4"]
[White "Cayen, Jean-Philippe"]
[Black "Lavergne, Daniel"]
[Result "0-1"]
[WhiteElo "1437"]
[BlackElo "1610"]
[PlyCount "77"]
[EventDate "2019.03.20"]
[EventType "swiss"]
[EventRounds "8"]
[EventCountry "CAN"]

1. g3 d5 2. e3 Nf6 3. Bg2 c6 4. b3 Bg4 5. Bf3 Bxf3 6. Nxf3 Nbd7 7. Bb2 Qc7 8.
d3 e5 9. Nbd2 Bd6 10. Qe2 O-O 11. O-O Rad8 12. a3 h6 13. b4 a5 14. c3 e4 15.
Nd4 Rfe8 16. Rfc1 exd3 17. Qxd3 Ne5 18. Qe2 Neg4 19. Nf1 h5 20. Nf5 Bf8 21. c4
b6 22. Bxf6 Nxf6 23. Nd4 axb4 24. axb4 Bxb4 25. cxd5 Nxd5 26. Qc4 Qe5 27. Rab1
c5 28. Nc2 b5 29. Qxb5 Nc3 30. Qa6 Nxb1 31. Nxb4 cxb4 32. Rxb1 Ra8 33. Qc4 Rec8
34. Qxb4 Ra2 35. Nd2 Qd5 36. Ne4 Qf5 37. Rf1 Qe5 38. h4 Rca8 39. Qc4 0-1

[Event "Outaouais-ch Reserves"]
[Site "Gatineau CAN"]
[Date "2019.04.16"]
[Round "4"]
[White "Danilov, Alex"]
[Black "Ethier, Valori"]
[Result "1-0"]
[WhiteElo "1628"]
[BlackElo "1419"]
[PlyCount "75"]
[EventDate "2019.03.20"]
[EventType "swiss"]
[EventRounds "8"]
[EventCountry "CAN"]

1. Nf3 Nf6 2. c4 d5 3. e3 Bf5 4. Nc3 c6 5. cxd5 cxd5 6. Bb5+ Nc6 7. Ne5 Qc7 8.
f4 g6 9. g4 Bd7 10. Nxd7 Qxd7 11. g5 Ne4 12. Qf3 Nxc3 13. dxc3 e6 14. Bd2 Bc5
15. O-O-O a6 16. Ba4 b5 17. Bc2 Qc7 18. e4 O-O-O 19. exd5 exd5 20. Rhe1 Kb8 21.
Kb1 h5 22. gxh6 Rxh6 23. f5 Rxh2 24. Bf4 Bd6 25. Bxh2 Bxh2 26. Rxd5 Rxd5 27.
Qxd5 Ne7 28. Qxf7 Qg3 29. Rd1 Qc7 30. Qe8+ Nc8 31. fxg6 Be5 32. Bf5 Qc5 33.
Bxc8 Ka7 34. Qf7+ Bc7 35. Qxc7+ Qxc7 36. Rd7 Kb8 37. Rxc7 Kxc7 38. Bg4 1-0

[Event "Outaouais-ch Reserves"]
[Site "Gatineau CAN"]
[Date "2019.04.16"]
[Round "4"]
[White "Fang, Johnny"]
[Black "Fang, Zhou"]
[Result "1/2-1/2"]
[WhiteElo "1096"]
[BlackElo "1408"]
[PlyCount "119"]
[EventDate "2019.03.20"]
[EventType "swiss"]
[EventRounds "8"]
[EventCountry "CAN"]

1. e4 c5 2. Nf3 Nc6 3. Bc4 d6 4. c3 Nf6 5. Qc2 Bg4 6. Ng5 e6 7. h3 Bh5 8. Bb5
d5 9. e5 Nd7 10. Nxh7 Bg6 11. Qa4 Rxh7 12. Bxc6 bxc6 13. Qxc6 Rb8 14. d4 Rc8
15. Qb7 cxd4 16. Qxa7 Bb4 17. Qxd4 Bc5 18. Qa4 Ra8 19. Qb5 Qb6 20. Qxb6 Bxb6
21. f4 Be4 22. Rh2 Bc7 23. Be3 Nxe5 24. fxe5 Bxe5 25. Rh1 Bxg2 26. Rg1 Rxh3 27.
Bg5 Rh1 28. Rxh1 Bxh1 29. Nd2 d4 30. cxd4 Bxd4 31. Nc4 f6 32. Be3 Bxe3 33. Nxe3
Rb8 34. b3 g5 35. Kf2 Be4 36. Nc4 Kd7 37. Rd1+ Ke7 38. Na5 f5 39. Rd4 Rc8 40.
Nc4 Rh8 41. Ke1 Rh1+ 42. Kd2 Rh2+ 43. Kc3 Rxa2 44. Ne5 Ra5 45. Rxe4 Rc5+ 46.
Rc4 Rxc4+ 47. bxc4 g4 48. Kd4 Kd6 49. Ng6 e5+ 50. Ke3 g3 51. Nh4 Ke6 52. c5 f4+
53. Kf3 Kd5 54. Ng6 Ke6 55. c6 Kd6 56. Nxe5 Kc7 57. Kg2 Kd6 58. Ng6 Kxc6 59.
Nxf4 Kd6 60. Kxg3 1/2-1/2

[Event "Outaouais-ch Reserves"]
[Site "Gatineau CAN"]
[Date "2019.04.16"]
[Round "4"]
[White "Jobin, Gilles G"]
[Black "Rioux, Jocelyn"]
[Result "1/2-1/2"]
[WhiteElo "1755"]
[BlackElo "1712"]
[PlyCount "47"]
[EventDate "2019.03.20"]
[EventType "swiss"]
[EventRounds "8"]
[EventCountry "CAN"]

1. e4 e6 2. b3 c5 3. Bb2 Nc6 4. Nf3 Nf6 5. Nc3 d5 6. exd5 exd5 7. Bb5 Bd7 8.
O-O d4 9. Re1+ Be7 10. Ne4 O-O 11. Bxc6 Bxc6 12. Nxf6+ Bxf6 13. Ne5 Qd5 14.
Nxc6 Qxc6 15. d3 Rfe8 16. Qg4 Rxe1+ 17. Rxe1 Re8 18. Rxe8+ Qxe8 19. Kf1 g6 20.
Bc1 h5 21. Qe4 Qxe4 22. dxe4 Be5 23. h3 b5 24. Ke2 1/2-1/2

[Event "Outaouais-ch Reserves"]
[Site "Gatineau CAN"]
[Date "2019.04.16"]
[Round "4"]
[White "Latreille, Etienne"]
[Black "Labelle, Raymond"]
[Result "1/2-1/2"]
[WhiteElo "1674"]
[BlackElo "1377"]
[PlyCount "77"]
[EventDate "2019.03.20"]
[EventType "swiss"]
[EventRounds "8"]
[EventCountry "CAN"]

1. d4 e6 2. c4 b6 3. e4 d6 4. Bd3 Bb7 5. Nf3 Nd7 6. Nc3 e5 7. d5 h6 8. Be3 Ngf6
9. h3 Be7 10. b4 a5 11. a3 c5 12. dxc6 Bxc6 13. Nd5 Nxd5 14. cxd5 Bb7 15. Bb5
O-O 16. O-O Nb8 17. Qd3 Ba6 18. Nd2 Bg5 19. Bxa6 Bxe3 20. Qxe3 Nxa6 21. Rab1 b5
22. f4 a4 23. fxe5 dxe5 24. Rbc1 Rc8 25. Rxc8 Qxc8 26. Nf3 f6 27. Rc1 Qb7 28.
Qc3 Rf7 29. Qc8+ Kh7 30. Qxb7 Rxb7 31. Ne1 Rc7 32. Rxc7 Nxc7 33. Nd3 Ne8 34.
Kf2 Nd6 35. Kf3 g5 36. Ne1 Kg7 37. Nc2 Kf7 38. Ne3 h5 39. g4 1/2-1/2

[Event "Outaouais-ch Reserves"]
[Site "Gatineau CAN"]
[Date "2019.04.16"]
[Round "4"]
[White "Legare, Gilles"]
[Black "Berthiaume, Serge"]
[Result "0-1"]
[WhiteElo "1096"]
[BlackElo "1433"]
[PlyCount "88"]
[EventDate "2019.03.20"]
[EventType "swiss"]
[EventRounds "8"]
[EventCountry "CAN"]

1. e4 c5 2. c4 Nc6 3. Nc3 g6 4. d3 Bg7 5. Nf3 d6 6. Be2 Nf6 7. Bd2 Ng4 8. O-O
Nd4 9. Nxd4 cxd4 10. Nd5 Ne5 11. Bg5 f6 12. Bh4 Be6 13. Nf4 Bf7 14. Qa4+ Qd7
15. b3 Qxa4 16. bxa4 g5 17. Bxg5 fxg5 18. Nh5 Bxh5 19. Bxh5+ Kd7 20. Rab1 Rhb8
21. Be2 h6 22. a5 Nc6 23. Rb5 b6 24. a6 Rc8 25. a3 Nb8 26. Bf3 Nxa6 27. a4 Nc5
28. Bg4+ e6 29. Be2 Nxa4 30. Bg4 Nc3 31. Rb2 Rc5 32. f4 gxf4 33. Rxf4 Ke7 34.
Rbf2 Rf8 35. Kh1 Rxf4 36. Rxf4 Rg5 37. Bf3 a5 38. h4 Re5 39. Kh2 a4 40. Rg4 Bf8
41. Rg8 a3 42. Rh8 a2 43. Rh7+ Kf6 44. g4 Bg7 0-1

[Event "Outaouais-ch Reserves"]
[Site "Gatineau CAN"]
[Date "2019.04.16"]
[Round "4"]
[White "Masse-Garneau, Anthony"]
[Black "Sabourin, Yves"]
[Result "1-0"]
[WhiteElo "1612"]
[BlackElo "1410"]
[PlyCount "84"]
[EventDate "2019.03.20"]
[EventType "swiss"]
[EventRounds "8"]
[EventCountry "CAN"]

1. g3 d5 2. Bg2 c5 3. d3 Bf5 4. c4 e6 5. Qb3 Qb6 6. Qxb6 axb6 7. cxd5 exd5 8.
Bxd5 Nc6 9. Nc3 Nf6 10. Bxc6+ bxc6 11. Nf3 Bd6 12. O-O Nd5 13. Bd2 Bg4 14. Kg2
Nb4 15. Rfc1 O-O 16. Ne4 Bxf3+ 17. Kxf3 Be5 18. Bc3 Nxa2 19. Rd1 Nxc3 20. Nxc3
f5 21. h4 b5 22. e3 b4 23. Na4 Bd6 24. Nb6 Rxa1 25. Rxa1 Rb8 26. Nc4 Be7 27.
Ra6 Rd8 28. Ke2 Rc8 29. b3 g5 30. hxg5 Bxg5 31. Nd6 Rf8 32. Rxc6 Be7 33. Nb7
Ra8 34. Kf3 Ra3 35. Nxc5 Bxc5 36. Rxc5 Rxb3 37. d4 Ra3 38. Rb5 Rb3 39. Rb7 f4
40. Kxf4 Ra3 41. Rxb4 Ra2 42. e4 {Les Blancs gagnent au 49e coup.} Rc2 1-0

[Event "Outaouais-ch Reserves"]
[Site "Gatineau CAN"]
[Date "2019.04.16"]
[Round "4"]
[White "Scantland, Patrick"]
[Black "Lecorre, Joel"]
[Result "1-0"]
[WhiteElo "1803"]
[BlackElo "1559"]
[PlyCount "93"]
[EventDate "2019.03.20"]
[EventType "swiss"]
[EventRounds "8"]
[EventCountry "CAN"]

1. d4 Nf6 2. Nf3 d5 3. c4 e6 4. Nc3 Bb4 5. Bg5 Nbd7 6. e3 b6 7. Bxf6 Qxf6 8.
cxd5 exd5 9. Bb5 c6 10. Ba4 Bxc3+ 11. bxc3 Ba6 12. Bc2 c5 13. Bd3 Bxd3 14. Qxd3
c4 15. Qc2 O-O 16. O-O Rfe8 17. Rfe1 Qg6 18. Qxg6 hxg6 19. Nd2 f5 20. f3 Nf6
21. a4 Re6 22. h3 Rae8 23. Kf2 g5 24. g4 g6 25. Re2 a6 26. gxf5 gxf5 27. Rg1 g4
28. hxg4 fxg4 29. e4 Kf7 30. e5 gxf3 31. Kxf3 Rg8 32. Reg2 Rxg2 33. Rxg2 Ne8
34. Kf4 b5 35. axb5 axb5 36. Nf3 Rc6 37. Rb2 Rb6 38. Ng5+ Ke7 39. e6 Nc7 40.
Ke5 b4 41. cxb4 c3 42. Rc2 Rxb4 43. Rxc3 Rc4 44. Rh3 Rc2 45. Rh7+ Ke8 46. Kd6
Nxe6 47. Kxe6 1-0

[Event "Outaouais-ch Reserves"]
[Site "Gatineau CAN"]
[Date "2019.04.16"]
[Round "4"]
[White "Seguin, Hubert"]
[Black "Traversy, Pierre"]
[Result "1-0"]
[WhiteElo "1561"]
[BlackElo "1193"]
[PlyCount "81"]
[EventDate "2019.03.20"]
[EventType "swiss"]
[EventRounds "8"]
[EventCountry "CAN"]

1. e4 d6 2. d4 e6 3. f4 c6 4. Nf3 Nd7 5. Be2 g6 6. O-O Bg7 7. Nc3 Ngf6 8. e5
Nd5 9. Ne4 O-O 10. Nxd6 c5 11. c4 Ne7 12. d5 Nf5 13. Ne4 b6 14. b3 Bb7 15. Bb2
Ne3 16. Qd2 Nxf1 17. Rxf1 Re8 18. Nd6 Rf8 19. Nxb7 Qc7 20. Nd6 Rfd8 21. dxe6
fxe6 22. Ng5 Nf8 23. Rd1 Rd7 24. Bg4 Re7 25. Nge4 Rd8 26. h4 Qc6 27. Bf3 Qc7
28. h5 Bh6 29. g4 gxh5 30. g5 Bg7 31. Bxh5 Ng6 32. Bxg6 hxg6 33. Nf6+ Bxf6 34.
gxf6 Rh7 35. Qg2 Qf7 36. Rd2 Qf8 37. Qxg6+ Kh8 38. f5 Qg8 39. Rg2 Qxg6 40. Rxg6
exf5 41. e6 1-0

[Event "Outaouais-ch Reserves"]
[Site "Gatineau CAN"]
[Date "2019.04.16"]
[Round "4"]
[White "Villeneuve, Denis"]
[Black "Arcand, Pierre"]
[Result "1-0"]
[WhiteElo "1483"]
[BlackElo "1249"]
[PlyCount "49"]
[EventDate "2019.03.20"]
[EventType "swiss"]
[EventRounds "8"]
[EventCountry "CAN"]

1. e4 e5 2. Nf3 Nc6 3. d4 exd4 4. Bc4 h6 5. Nxd4 Ne5 6. Bb3 Nf6 7. Nc3 Bb4 8.
Qe2 O-O 9. Bd2 d6 10. h3 b6 11. a3 Bxc3 12. Bxc3 a5 13. O-O-O Ba6 14. Qe1 Bb7
15. f3 Re8 16. Nf5 Ng6 17. Qg3 Nh5 18. Qxg6 Qg5+ 19. Qxg5 hxg5 20. g4 Nf6 21.
h4 gxh4 22. Rxh4 Bc8 23. Rdh1 Kf8 24. Rh8+ Ng8 25. Bxg7# 1-0

[Event "Outaouais-ch Reserves"]
[Site "Gatineau CAN"]
[Date "2019.04.23"]
[Round "5"]
[White "Arcand, Pierre"]
[Black "Gribble, Nicolas"]
[Result "1/2-1/2"]
[WhiteElo "1249"]
[BlackElo "1226"]
[PlyCount "106"]
[EventDate "2019.03.20"]
[EventType "swiss"]
[EventRounds "8"]
[EventCountry "CAN"]

1. e4 c5 2. Nf3 Nc6 3. Nc3 d6 4. h3 g6 5. Bc4 Bg7 6. Ng5 e6 7. d3 Nge7 8. O-O
O-O 9. Qg4 d5 10. Bb5 Ne5 11. Qh4 h6 12. Nf3 Nxf3+ 13. gxf3 Bd7 14. Bxd7 Qxd7
15. Bxh6 Bxh6 16. Qxh6 d4 17. Ne2 e5 18. Ng3 Qe6 19. Kg2 f5 20. Kh2 Qf7 21. Nh5
Qh7 22. Qxh7+ Kxh7 23. Ng3 f4 24. Ne2 b5 25. Rg1 c4 26. Rg5 Nc6 27. Rag1 Rg8
28. dxc4 bxc4 29. h4 Rg7 30. h5 Rag8 31. hxg6+ Rxg6 32. Rh5+ Kg7 33. Rxg6+ Kxg6
34. Rh4 Rf8 35. Rg4+ Kf6 36. a4 d3 37. cxd3 cxd3 38. Nc3 Nb4 39. Nd5+ Nxd5 40.
exd5 d2 41. Rg1 Rd8 42. Rd1 Rxd5 43. Kg2 Kf5 44. Kf1 e4 45. fxe4+ Kxe4 46. b4
Rd4 47. b5 f3 48. a5 Ra4 49. b6 Rxa5 50. bxa7 Rxa7 51. Kg1 Rg7+ 52. Kf1 Kd3 53.
Rxd2+ Kxd2 1/2-1/2

[Event "Outaouais-ch Reserves"]
[Site "Gatineau CAN"]
[Date "2019.04.23"]
[Round "5"]
[White "Berthiaume, Serge"]
[Black "Scantland, Patrick"]
[Result "0-1"]
[WhiteElo "1433"]
[BlackElo "1803"]
[PlyCount "55"]
[EventDate "2019.03.20"]
[EventType "swiss"]
[EventRounds "8"]
[EventCountry "CAN"]

1. d4 Nf6 2. Bf4 d6 3. e3 g6 4. Bd3 Bg7 5. Nd2 O-O 6. c3 Re8 7. Ngf3 Nbd7 8.
Nc4 c6 9. a4 Nb6 10. Nxb6 Qxb6 11. b4 Bg4 12. h3 Bxf3 13. Qxf3 e5 14. a5 Qc7
15. dxe5 dxe5 16. Bh2 Rad8 17. e4 Nh5 18. Bc4 Nf4 19. O-O Ne6 20. Qe3 a6 21. f3
Qe7 22. Bg3 Rd6 23. Bf2 Red8 24. Qa7 Nf4 25. Kh2 Rd2 26. Bxa6 Qg5 27. g4 Qh4
28. Kh1 0-1

[Event "Outaouais-ch Reserves"]
[Site "Gatineau CAN"]
[Date "2019.04.23"]
[Round "5"]
[White "Fang, Zhou"]
[Black "Legare, Gilles"]
[Result "1-0"]
[WhiteElo "1408"]
[BlackElo "1096"]
[PlyCount "67"]
[EventDate "2019.03.20"]
[EventType "swiss"]
[EventRounds "8"]
[EventCountry "CAN"]

1. e4 e5 2. Nf3 Nc6 3. Nc3 Bc5 4. Bc4 Nf6 5. d3 O-O 6. Ng5 d6 7. Bd2 Nd4 8. Ne2
Ne6 9. h4 Ng4 10. Rf1 h6 11. Nxe6 Bxf2+ 12. Rxf2 Qxh4 13. g3 Qh1+ 14. Rf1 Qh5
15. Nxf8 Be6 16. Nxe6 fxe6 17. Bxe6+ Kh8 18. Bxg4 Qxg4 19. Rg1 Rf8 20. Nf4
Qxd1+ 21. Rxd1 exf4 22. Bxf4 a5 23. Rf1 a4 24. Bxd6 Rxf1+ 25. Kxf1 cxd6 26. Ke2
b5 27. Rf1 Kg8 28. Rf5 b4 29. Rd5 Kf7 30. Rxd6 g5 31. Rxh6 g4 32. d4 Kg7 33. d5
Kxh6 34. d6 1-0

[Event "Outaouais-ch Reserves"]
[Site "Gatineau CAN"]
[Date "2019.04.23"]
[Round "5"]
[White "Labelle, Raymond"]
[Black "Danilov, Alex"]
[Result "0-1"]
[WhiteElo "1377"]
[BlackElo "1628"]
[PlyCount "76"]
[EventDate "2019.03.20"]
[EventType "swiss"]
[EventRounds "8"]
[EventCountry "CAN"]

1. e4 c5 2. Nf3 g6 3. d4 cxd4 4. Nxd4 Bg7 5. Be3 Nf6 6. Bd3 O-O 7. Nc3 d6 8.
O-O Ng4 9. Qe2 Nc6 10. Nxc6 bxc6 11. Bd2 e5 12. h3 Nf6 13. Bg5 h6 14. Bd2 Nh5
15. Qf3 Be6 16. Ne2 d5 17. Rfd1 Qh4 18. Ng3 Nf4 19. Bf1 dxe4 20. Nxe4 Bd5 21.
Qe3 Bxe4 22. g3 Nxh3+ 23. Bxh3 Qxh3 24. Qxe4 f5 25. Qxc6 Qg4 26. Qd5+ Kh7 27.
Qg2 Rad8 28. c3 e4 29. Kh1 Qe2 30. Qg1 Rxd2 31. Rxd2 Qxd2 32. Rb1 Rd8 33. c4
Qc2 34. b4 Rd2 35. Rc1 Qd3 36. Qg2 Bd4 37. c5 Rxf2 38. Qg1 Qf3+ 0-1

[Event "Outaouais-ch Reserves"]
[Site "Gatineau CAN"]
[Date "2019.04.23"]
[Round "5"]
[White "Lavergne, Daniel"]
[Black "Latreille, Etienne"]
[Result "1-0"]
[WhiteElo "1610"]
[BlackElo "1674"]
[PlyCount "81"]
[EventDate "2019.03.20"]
[EventType "swiss"]
[EventRounds "8"]
[EventCountry "CAN"]

1. e4 c5 2. Nf3 Nc6 3. d4 cxd4 4. Nxd4 d6 5. c4 Nf6 6. Nc3 g6 7. Be2 Bg7 8. Be3
O-O 9. O-O Bd7 10. Rc1 Ne8 11. Qd2 a6 12. f4 e5 13. Nb3 Kh8 14. f5 gxf5 15.
exf5 Ne7 16. g4 f6 17. Ne4 Bc6 18. Bf3 Rg8 19. h3 d5 20. Nec5 Nc7 21. Kh2 Rb8
22. cxd5 Bxd5 23. Bxd5 Nexd5 24. Rfd1 Qe7 25. Ne6 Rbc8 26. Bc5 Qf7 27. Nxc7
Nxc7 28. Qd7 Qxd7 29. Rxd7 Bh6 30. Be7 Bxc1 31. Bxf6+ Rg7 32. Rxg7 Bf4+ 33. Kg2
Rf8 34. Rxc7+ Rxf6 35. Rxb7 Rc6 36. Kf3 Rc2 37. Nd4 Rh2 38. Ne6 Rxh3+ 39. Ke4
Re3+ 40. Kd5 h6 41. f6 1-0

[Event "Outaouais-ch Reserves"]
[Site "Gatineau CAN"]
[Date "2019.04.23"]
[Round "5"]
[White "Lecorre, Joel"]
[Black "Seguin, Hubert"]
[Result "1/2-1/2"]
[WhiteElo "1559"]
[BlackElo "1561"]
[PlyCount "37"]
[EventDate "2019.03.20"]
[EventType "swiss"]
[EventRounds "8"]
[EventCountry "CAN"]

1. e4 c5 2. Nc3 g6 3. d4 Bg7 4. Nf3 cxd4 5. Nxd4 Nc6 6. Be3 d6 7. Bb5 Bd7 8.
Qd2 Nf6 9. h3 a6 10. Nxc6 Bxc6 11. Bxc6+ bxc6 12. Bh6 O-O 13. Bxg7 Kxg7 14. O-O
Qc7 15. Rfe1 Rfd8 16. Qe3 Rab8 17. b3 Qb6 18. Rad1 Qxe3 19. Rxe3 1/2-1/2

[Event "Outaouais-ch Reserves"]
[Site "Gatineau CAN"]
[Date "2019.04.23"]
[Round "5"]
[White "Rioux, Jocelyn"]
[Black "Villeneuve, Denis"]
[Result "1-0"]
[WhiteElo "1712"]
[BlackElo "1483"]
[PlyCount "49"]
[EventDate "2019.03.20"]
[EventType "swiss"]
[EventRounds "8"]
[EventCountry "CAN"]

1. e4 c5 2. Nf3 d6 3. d4 cxd4 4. Nxd4 Nf6 5. Nc3 a6 6. Be3 e6 7. Qd2 b5 8. a3
Bb7 9. f3 Qc7 10. O-O-O Nbd7 11. g4 h6 12. h4 d5 13. exd5 Nxd5 14. Nxd5 Bxd5
15. Bg2 Rc8 16. f4 Nb6 17. Bxd5 Nxd5 18. Rhe1 Bd6 19. c3 Nxe3 20. Nxb5 axb5 21.
Qxd6 Nxd1 22. Rxd1 Rf8 23. Qd3 Qxf4+ 24. Kc2 b4 25. Qd7# 1-0